| 000 | 01282nam a22003374a 4500 | ||
|---|---|---|---|
| 001 | ebr10201227 | ||
| 003 | CaPaEBR | ||
| 006 | m u | ||
| 007 | cr cn||||||||| | ||
| 008 | 020702s2002 njua sb 001 0 eng | ||
| 020 | _z9810249284 | ||
| 040 |
_aCaPaEBR _cCaPaEBR |
||
| 035 | _a(OCoLC)614463189 | ||
| 050 | 1 | 4 |
_aTA645 _b.C24 2002eb |
| 082 | 0 | 4 |
_a624.1/71 _221 |
| 100 | 1 | _aCai, C. W. | |
| 245 | 1 | 0 |
_aExact analysis of bi-periodic structures _h[electronic resource] / _cC.W. Cai, J.K. Liu, H.C. Chan. |
| 246 | 3 | 0 | _aBi-periodic structures |
| 260 |
_aNew Jersey : _bWorld Scientific, _cc2002. |
||
| 300 |
_aix, 269 p. : _bill. |
||
| 504 | _aIncludes bibliographical references (p. 263-264) and index. | ||
| 533 |
_aElectronic reproduction. _bPalo Alto, Calif. : _cebrary, _d2013. _nAvailable via World Wide Web. _nAccess may be limited to ebrary affiliated libraries. |
||
| 650 | 0 | _aStructural analysis (Engineering) | |
| 650 | 0 | _aMechanics, Analytic. | |
| 650 | 0 | _aTransformation groups. | |
| 655 | 7 |
_aElectronic books. _2local |
|
| 700 | 1 | _aLiu, J. K. | |
| 700 | 1 |
_aChan, H. C. _q(Hon Chuen) |
|
| 710 | 2 | _aebrary, Inc. | |
| 856 | 4 | 0 |
_uhttp://site.ebrary.com/lib/rucke/Doc?id=10201227 _zAn electronic book accessible through the World Wide Web; click to view |
| 999 |
_c222717 _d222717 |
||